Leche y productos lacteos

Saved in:
Bibliografiske detaljer
Hovedforfatter: Porter, J. W (Author)
Format: Bog
Sprog:spansk
Udgivet: Zaragoza Acribia 1981
Serier:Leche y producción lechera
Fag:
Tags: Tilføj Tag
Ingen Tags, Vær først til at tagge denne postø!

MARC

LEADER 00000nam a2200000 a 4500
001 UCU6572
003 CL-VaPUC
008 960621e19810000SP |||||||||||||||||spa|d
082 0 4 |a 637.141  |b POR  |2 21 
100 0 |a Porter, J. W  |e author  |9 364811 
245 1 0 |a Leche y productos lacteos 
300 |a 88 p 
942 |c BK 
945 |d 19960621 00:00:00  |a cmena 
260 |a Zaragoza  |b Acribia  |c 1981 
650 0 |a Leche  |9 259848 
650 0 |a Productos lácteos   |9 259521 
650 0 |a Alimentos  |9 256203 
650 7 |a QUESO  |2 CL-VaPUC  |9 362346 
650 7 |a MANTEQUILLA  |2 CL-VaPUC  |9 364812 
583 |a last modification  |c 19960621 00:00:00  |k Rodrigo Vera 
490 0 |a Leche y producción lechera 
999 |c 249431  |d 249429 
952 |0 0  |1 1  |2 ddc  |4 0  |6 637_141000000000000_POR_1981  |7 0  |8 A  |9 266685  |a BIBAGR  |b BIBAGR  |d 2019-11-19  |i 3365166  |o 637.141 POR 1981  |p 3365166  |r 2019-11-19  |w 2019-11-19  |y BK  |k AGR